000 00351 a2200145 4500
001 185387
020 _a
040 _cMagnum
100 _aRegina, Tia
240 1 0 _aA caverna dos suspiros / o carneiro de ouro
_lpor
245 1 0 _aA caverna dos suspiros / o carneiro de ouro
300 _a15
697 _aLITERATURA INFANTO-JUVENIL
942 _cBK
999 _c185387
_d185387